00580cam a22001932 4500001001100000005001700011008004100028020001700069040001500086100003900101245007000140250001200210260002700222300001500249650003600264650004200300651004100342852000300383000002131620151217155909.0120314s xx 000 0 eng d a9966447135 : aKABUcKABU1 aOchola, Samuel Agonda.@000018213110aLeadership and economic crisis in Africa /cSamuel Agonda Ochola. a1st ed. aNairobi :bKLB,c2007. axv, 448 p. 0aLeadershipzAfrica.@0000170353 0aFinancial criseszAfrica.@0000182132 0aAfrica.xEconmic policy.@00001821401